On This Day: August 4th II Quiz Stats

 Plays Quiz Updated Aug 4, 2018

Challenge
Share
Tweet
Embed
Score 0/7 Timer 03:00
0 Plays Today
Question Answer Wrong Answers
The father and stepmother of ______ Borden are found murdered in their Fall River, Massachusetts, home. She is tried and acquitted of the crimes a year later.
1892
Lizzie
91.8%
Ellie
2.6%
Sophie
2.9%
Millie
2.6%
A tip leads the Gestapo to a sealed-off area in an ______ warehouse, where they find and arrest Jewish diarist Anne Frank, her family, and four others.
1944
Amsterdam
86%
Oslo
2%
Antwerp
9.3%
Utrecht
2.1%
This American actress and humanitarian, the current Duchess of Sussex, is born.
1981
Meghan Markle
81%
Kate Middleton
15.7%
Pippa Middleton
1.5%
Sarah Rafferty
0.7%
NASA launches the Phoenix robotic spacecraft, which eventually landed on and explored this planet.
2007
Mars
71.6%
Mercury
8.9%
Venus
8.7%
Saturn
9.3%
While Belgium and the British Empire declare war on Germany, this country declares their neutrality.
1914
United States
62.9%
Russia
6.4%
France
19.1%
Austria-Hungary
11.4%
The Republic of Upper Volta changes its name to ______.
1984
Burkina Faso
58.3%
Eritrea
16.7%
Lesotho
13%
Somalia
10.7%
The Constitution of the Cook Islands comes into force, giving the Cook Islands self-governing status within ______.
1965
New Zealand
43.7%
Australia
36.4%
Papua New Guinea
12.1%
Indonesia
6.8%

Today's Daily Dose

You're not logged in!

Compare scores with friends on all Sporcle quizzes.
OR
Log In

You Might Also Like...

Show Comments

Extras

Top Quizzes Today


Score Distribution

Your Account Isn't Verified!

In order to create a playlist on Sporcle, you need to verify the email address you used during registration. Go to your Sporcle Settings to finish the process.

Report this User

Report this user for behavior that violates our Community Guidelines.

Details: